000
00280nam a2200109Ia 4500
008
190216s9999||||xx |||||||||||||| ||und||
100
_a
Frederick S Hillier & Girald J Lieberman
245
0
_a
Operations Research
260
_b
Cbs Publishers
_c
1994
300
_a
800p
942
_c
BK
999
_c
7726
_d
7726